Agenda agropecuaria argentina

Guardado en:
Formato: Libro
Publicado: Buenos Aires : Sudamericana, 1955
Materias:
Etiquetas: Agregar Etiqueta
Sin Etiquetas, Sea el primero en etiquetar este registro!
LEADER 00494nam a22001575a 4500
001 CEM.cems015590
005 20090915155537.0
008 130507s1955##################000#0#####d
003 CEMS
082 0 4 |a 630 
245 0 0 |a Agenda agropecuaria argentina 
260 |a Buenos Aires :  |b Sudamericana,  |c 1955 
300 |a 409 p. 
505 0 |a Factores básicos de la producción -- Cereales, legumbres y cultivos especiales -- 
653 |a Agricultura 
859 |a CEMS  |b BIB. CEMS - Agricultura  |h 630  |i Ag35  |p A6425.78  |t Ej.1